Situación actual del valor de los granos básicos

Tallennettuna:
Bibliografiset tiedot
Yhteisötekijä: Consejo Nacional de Producción. Departamento de Planificación y Programación
Aineistotyyppi: Teksti
Julkaistu: San José: CNP
Tagit: Lisää tagi
Ei tageja, Lisää ensimmäinen tagi!

MARC

LEADER 00000 a a2200000 04500
001 16482
003
040
090 |a 012100  
110 |a Consejo Nacional de Producción. Departamento de Planificación y Programación  
245 |a Situación actual del valor de los granos básicos  
260 |a San José:   |b CNP  
300 |a 7 p  
999 |c 15129  |d 15129